000
00214 a2200097 4500
001
40912
100
_a
Idata-e-Islamiat
245
_a
Bidat Kia Hag
260
_a
Lahore
_b
Idara-e-Islamiat
_c
090
_c
25165
_d
25165
942
_a
NUST-CAE
_c
M
_c
16853
999
_c
275985
_d
275985